And they put handcuffs on the flowers / Charles Marowitz, traductor

Guardado en:
Bibliografiske detaljer
Hovedforfatter: Arrabal, Fernando
Format: Bog
Sprog:Undetermined
Udgivet: New York, Estados Unidos Grove Press 1973
Fag:
Tags: Tilføj Tag
Ingen Tags, Vær først til at tagge denne postø!

MARC

LEADER 00000nam a2200000Ia 4500
008 170316s9999 xx 000 0 und d
040 |a cru BVZT 
090 |a 862 A-35.1a 
100 |a Arrabal, Fernando 
245 4 |a And they put handcuffs on the flowers / Charles Marowitz, traductor 
260 |a New York, Estados Unidos 
260 |b Grove Press 
260 |c 1973 
300 |a 87 páginas 
650 |a LITERATURA ESPAÑOLA 
650 |a EN IDIOMA INGLÉS 
650 |a OBRA DE TEATRO 
999 |c 9441  |d 9441 
942 |c 15 D  |h 862 A-35.1a  |2 z